[Event "VIE-ch U09"]
[White "Nguyen, Minh Dat"]
[Black "Huynh, Ngoc Minh Nhat"]
[Site "Ho Chi Minh City"]
[Round "9"]
[Result "1-0"]
[Date "2014.07.18"]
[WhiteElo "1529"]
[BlackElo "1475"]
[PlyCount "65"]
[EventDate "2014.07.13"]
[EventType "swiss"]
[EventRounds "9"]
[EventCountry "VIE"]
[SourceTitle "EXT 2016"]
[Source "ChessBase"]
[SourceDate "2015.10.08"]
[SourceVersion "1"]
[SourceVersionDate "2015.10.08"]
[SourceQuality "1"]

1. e4 e5 2. Nf3 Nc6 3. Bc4 Bc5 4. c3 Nf6 5. d3 d6 6. Nbd2 0-0 7. 0-0 Be6 8. h3 d5 9. exd5 Nxd5 10. Ne4 Be7 11. Re1 f6 12. b4 Qd7 13. Qb3 a5 14. a3 a4 15. Qa2 Kf7 16. b5 Na5 17. Neg5+ Ke8 18. Nxe6 Qxe6 19. Bxd5 Qd7 20. Be4 g6 21. Bh6 Rf7 22. Bd5 Nb3 23. Bxf7+ Kxf7 24. Rxe5 Qxd3 25. Rae1 Bd6 26. R5e4 Qxb5 27. Nd4 Qd5 28. Ne6 g5 29. Rd4 Qa5 30. Rd3 Kg6 31. Rf3 Re8 32. Qc2+ Kf7 33. Qxh7# 1-0

[Event "VIE-ch U09"]
[White "Huynh, Ngoc Minh Nhat"]
[Black "Bui, Duc Duy"]
[Site "Ho Chi Minh City"]
[Round "8"]
[Result "0-1"]
[Date "2014.07.17"]
[WhiteElo "1475"]
[BlackElo "1517"]
[PlyCount "132"]
[EventDate "2014.07.13"]
[EventType "swiss"]
[EventRounds "9"]
[EventCountry "VIE"]
[SourceTitle "EXT 2016"]
[Source "ChessBase"]
[SourceDate "2015.10.08"]
[SourceVersion "1"]
[SourceVersionDate "2015.10.08"]
[SourceQuality "1"]

1. e4 e6 2. Nc3 d5 3. exd5 exd5 4. d4 Nf6 5. Bg5 Be6 6. Nf3 Be7 7. Bd3 h6 8. Bf4 0-0 9. 0-0 Nc6 10. Bb5 Bd7 11. Bxc6 Bxc6 12. Ne5 Bd7 13. Qf3 c6 14. Nxd7 Qxd7 15. Be5 Nh7 16. Rfe1 Bd6 17. h3 Bxe5 18. Rxe5 Ng5 19. Qd3 Rfe8 20. Rae1 Rxe5 21. dxe5 Ne6 22. a4 Nf4 23. Qf3 Ng6 24. Qg3 Re8 25. f4 Qf5 26. Rf1 Qxc2 27. Rf2 Qf5 28. Qe3 a6 29. Ne2 Qb1+ 30. Nc1 Qf5 31. Ne2 Qd7 32. Rf1 Qe7 33. Qb6 Rc8 34. Rd1 Qc7 35. Qd4 Rd8 36. b4 Ne7 37. g4 Nc8 38. Rc1 Nb6 39. a5 Nc4 40. Qc5 Nd2 41. Rc2 Ne4 42. Qd4 Rb8 43. Nc3 Nxc3 44. Rxc3 b6 45. Qxd5 cxd5 46. Rxc7 bxa5 47. bxa5 Rb5 48. Rc6 Rxa5 49. Rd6 g6 50. h4 Ra4 51. Kg2 d4 52. Kf3 a5 53. Rd5 Ra1 54. Rxd4 a4 55. f5 g5 56. hxg5 hxg5 57. e6 fxe6 58. fxe6 Kf8 59. Ke4 a3 60. Ke5 Re1+ 61. Kd6 a2 62. e7+ Ke8 63. Ra4 a1Q 64. Rxa1 Rxa1 65. Ke6 Re1+ 66. Kf5 Kxe7 0-1

[Event "VIE-ch U09"]
[White "Huynh, Ngoc Minh Nhat"]
[Black "Nguyen, Quang Hieu"]
[Site "Ho Chi Minh City"]
[Round "6"]
[Result "0-1"]
[Date "2014.07.16"]
[WhiteElo "1475"]
[BlackElo "1511"]
[PlyCount "88"]
[EventDate "2014.07.13"]
[EventType "swiss"]
[EventRounds "9"]
[EventCountry "VIE"]
[SourceTitle "EXT 2016"]
[Source "ChessBase"]
[SourceDate "2015.10.08"]
[SourceVersion "1"]
[SourceVersionDate "2015.10.08"]
[SourceQuality "1"]

1. e4 e5 2. Nf3 Nc6 3. Bb5 a6 4. Bxc6 dxc6 5. 0-0 Bg4 6. d3 h6 7. Be3 Nf6 8. Nbd2 Bd6 9. h3 Bh5 10. Qb1 Bb4 11. Nxe5 Bxd2 12. Bxd2 Qd4 13. Bc3 Qd6 14. Nc4 Qc5 15. Nd2 Rg8 16. d4 Qe7 17. a3 0-0-0 18. Bb4 Qe6 19. e5 Nd5 20. Nb3 Nf4 21. Kh2 Ne2 22. Bc3 Qd5 23. f3 f6 24. Rf2 Nf4 25. g3 Ne6 26. f4 fxe5 27. dxe5 Bg6 28. f5 Rgf8 29. Qf1 Ng5 30. fxg6 Rf3 31. Rxf3 Nxf3+ 32. Kh1 Ne1+ 33. Kg1 Nf3+ 34. Kf2 Rf8 35. Ke3 c5 36. Rd1 Qc6 37. Nd2 Qxg6 38. Nxf3 Qxg3 39. Rd2 Qf4+ 40. Ke2 Qe4+ 41. Kd1 Rxf3 42. Qd3 Rxd3 43. Rxd3 c4 44. Rd4 Qf5 0-1

[Event "VIE-ch U09"]
[White "Huynh, Ngoc Minh Nhat"]
[Black "Pham, Quang Hung"]
[Site "Ho Chi Minh City"]
[Round "4"]
[Result "0-1"]
[Date "2014.07.15"]
[WhiteElo "1475"]
[BlackElo "1902"]
[PlyCount "78"]
[EventDate "2014.07.13"]
[EventType "swiss"]
[EventRounds "9"]
[EventCountry "VIE"]
[SourceTitle "EXT 2016"]
[Source "ChessBase"]
[SourceDate "2015.10.08"]
[SourceVersion "1"]
[SourceVersionDate "2015.10.08"]
[SourceQuality "1"]

1. e4 c5 2. Nf3 e6 3. d4 cxd4 4. Nxd4 Nf6 5. Nc3 a6 6. Bg5 Be7 7. Bd3 Qc7 8. 0-0 0-0 9. Re1 d6 10. Qf3 b5 11. Rac1 Qc5 12. Be3 Qh5 13. Be2 Qxf3 14. Bxf3 Bb7 15. Bg5 Nbd7 16. Rcd1 Rfd8 17. Bxf6 Nxf6 18. a3 d5 19. exd5 Bxd5 20. Bxd5 Nxd5 21. Nc6 Nxc3 22. Nxe7+ Kf8 23. Ng6+ hxg6 24. bxc3 Rxd1 25. Rxd1 Rc8 26. Rd3 Rc4 27. Kf1 Ra4 28. Ke2 Rxa3 29. Kd2 Ra1 30. h4 Ke7 31. Rd4 a5 32. c4 bxc4 33. Rxc4 a4 34. c3 a3 35. Ra4 a2 36. c4 Rf1 37. Ra7+ Kf6 38. f4 a1Q 39. Rxa1 Rxa1 0-1

[Event "VIE-ch U09"]
[White "Le, Quang An"]
[Black "Huynh, Ngoc Minh Nhat"]
[Site "Ho Chi Minh City"]
[Round "5"]
[Result "1-0"]
[Date "2014.07.15"]
[WhiteElo "1537"]
[BlackElo "1475"]
[PlyCount "85"]
[EventDate "2014.07.13"]
[EventType "swiss"]
[EventRounds "9"]
[EventCountry "VIE"]
[SourceTitle "EXT 2016"]
[Source "ChessBase"]
[SourceDate "2015.10.08"]
[SourceVersion "1"]
[SourceVersionDate "2015.10.08"]
[SourceQuality "1"]

1. e4 e5 2. Nf3 Nf6 3. Nc3 Nc6 4. Bb5 d6 5. 0-0 Be7 6. d4 exd4 7. Nxd4 Bd7 8. Nxc6 bxc6 9. Bd3 0-0 10. b3 Be6 11. Bb2 d5 12. e5 Nd7 13. f4 Nc5 14. Ne2 Nxd3 15. cxd3 Bg4 16. h3 Bxe2 17. Qxe2 d4 18. Rac1 Qd7 19. Qc2 c5 20. Ba3 Qb5 21. Rfd1 Rfd8 22. Bxc5 Bxc5 23. Qxc5 Qxc5 24. Rxc5 Rd7 25. Rdc1 Rc8 26. Ra5 c6 27. Rac5 Rdc7 28. R5c4 c5 29. b4 Rb7 30. Rxd4 Kf8 31. bxc5 Ke7 32. Rdc4 Rd8 33. d4 Ke6 34. c6 Rc7 35. Kf2 Rb8 36. Ke3 f6 37. g4 g6 38. Rc5 Rd8 39. Rd1 Rd5 40. Rxd5 Kxd5 41. Rc1 fxe5 42. fxe5 Ke6 43. Ke4 1-0

[Event "VIE-ch U09"]
[White "Nguyen, Duc Dung"]
[Black "Huynh, Ngoc Minh Nhat"]
[Site "Ho Chi Minh City"]
[Round "3"]
[Result "0-1"]
[Date "2014.07.14"]
[WhiteElo "1521"]
[BlackElo "1475"]
[PlyCount "74"]
[EventDate "2014.07.13"]
[EventType "swiss"]
[EventRounds "9"]
[EventCountry "VIE"]
[SourceTitle "EXT 2016"]
[Source "ChessBase"]
[SourceDate "2015.10.08"]
[SourceVersion "1"]
[SourceVersionDate "2015.10.08"]
[SourceQuality "1"]

1. d4 d5 2. Nf3 Bf5 3. c4 dxc4 4. Qa4+ Qd7 5. Qxc4 Nf6 6. g3 Qc6 7. Qxc6+ Nxc6 8. a3 0-0-0 9. e3 Be4 10. Bg2 g5 11. 0-0 g4 12. Ng5 Bg6 13. Nc3 h6 14. Nge4 Nxe4 15. Nxe4 Bg7 16. b4 a6 17. Bb2 f5 18. Nc5 Rd6 19. Rac1 Be8 20. Rc2 Nd8 21. Rfc1 c6 22. d5 Bxb2 23. Rxb2 Kb8 24. dxc6 Bxc6 25. Rbc2 Bxg2 26. Kxg2 Ka7 27. Nb3 Nc6 28. Nd2 Rhd8 29. Nc4 R6d7 30. a4 Nxb4 31. Re2 Rc7 32. a5 Rdc8 33. Nb6 Rxc1 34. Nxc8+ Rxc8 35. e4 e6 36. exf5 exf5 37. Re6 Rc6 0-1